| 000 | 00748nam a2200205 i 4500 | ||
|---|---|---|---|
| 001 | 103559 | ||
| 003 | ES-MaACL | ||
| 005 | 20230906183410.0 | ||
| 007 | t| | ||
| 008 | 060417s1934 sp bf |||| |dspa d | ||
| 080 | _a929 Enrico, Balduino | ||
| 080 | _a9(729.5 S.J.)"16" | ||
| 100 | 1 |
_aGéigel Sabat, Fernando J. _956212 |
|
| 245 | 1 | 0 |
_aBalduino Enrico _b: estudio sobre el general Balduino Enrico y el asedio de la ciudad de San Juan de Puerto Rico por la flota holandesa en 1625... / _cFernando J. Géigel Sabat. |
| 260 |
_aBarcelona : _bAraluce, _c1934. |
||
| 300 |
_a213 p., 10 lám., 2 h. map. pleg. ; _c19 cm. |
||
| 600 | 1 | 4 |
_aEnrico, Balduino. _947263 |
| 651 | 4 |
_aSan Juan (Puerto Rico)- _xHistoria. _99357 |
|
| 852 |
_aES-MaACL _jC-56880 |
||
| 999 |
_c103559 _d103559 |
||